Výročná správa 2008 Národná banka Slovenska

Salvato in:
Dettagli Bibliografici
Natura: Libro
Lingua:slovacco
Pubblicazione: Bratislava Národná banka Slovenska 2009
Soggetti:
Tags: Aggiungi Tag
Nessun Tag, puoi essere il primo ad aggiungerne!!

MARC

LEADER 00000nam$a2200000$$$4500
001 0098724
005 20240318125152.2
020 |a 978-80-8043-133-4 
041 0 |a slo 
044 |a SK 
245 1 0 |a Výročná správa 2008  |b Národná banka Slovenska 
264 1 |a Bratislava  |b Národná banka Slovenska  |c 2009 
300 |a 191 s. 
610 2 0 |a banky 
610 2 0 |a bankovníctvo 
610 2 0 |a prostredie ekonomické 
610 2 0 |a vývoj menový 
610 2 0 |a operácie bankové 
610 2 0 |a devízy 
610 2 0 |a trh finančný 
610 2 0 |a emisia 
610 2 0 |a styk platobný 
610 2 0 |a štatistika 
610 2 0 |a spolupráca medzinárodná 
610 2 0 |a euro 
610 2 0 |a legislatíva 
610 2 0 |a zdroje ľudské 
610 2 0 |a komunikácia 
610 2 0 |a výskum ekonomický 
610 2 0 |a audit 
610 2 0 |a NBS Bratislava